| 000 | 00000nam##2200000za#4500 |
| 001 | 9.664616 |
| 003 | CaOODSP |
| 005 | 20210615121732 |
| 007 | ta |
| 008 | 150407|2003||||xxc||||| f|0| 0 fre|d |
| 020 | |a0-660-62328-5 |
| 040 | |aCaOODSP|bfre |
| 041 | |aeng |
| 041 | |afre |
| 043 | |an-cn--- |
| 086 | 1 |aYX44-1985/9-1 |
| 110 | 1 |aCanada.|bStatuts. |
| 245 | 10|aLois révisées du Canada (1985), Appendices |
| 260 | |aOttawa - Ontario : |bStatuts |c2003. |
| 300 | |a1 vol. en pagination multiple. ; |c25 cm. |
| 500 | |a«Révision réalisée sous le régime de la Loi sur la révision des lois.» |
| 520 | 3 |aCe document relié renferme les lois révisées du Canada depuis la confédération jusqu’au 31 décembre 1984. En sont toutefois exclues les modifications législatives qui, bien qu’adoptées à cette date, n’étaient pas encore en vigueur. La version française d’une bonne partie des lois incluses dans le recueil a fait l’objet d’une révision linguistique et terminologique des plus méticuleuses. Les Lois révisées du Canada sont également disponibles en édition à feuilles mobiles, mais seule la version reliée fait foi de son contenu. |
| 563 | |aCouverture souple |
| 590 | |a03-21|b2003-05-23 |
| 776 | 0#|tRevised Statutes of Canada, 1985. Appendices / |w(CaOODSP)9.676801 |
| 791 | |tRevised Statutes of Canada, 1985, Appendices |eeng|w(CaOODSP)9.664615 |